000 00636nam a2200193 a 4500
001 000048968
005 20201002061542.0
008 190510s2018 dr 000 spa d
020 _a9789945590791
040 _aDO-SdBNP
_bspa
_cBNPHU
245 0 _aBelleza fatal y otros cuentos. /
_cRoberto Adames, y otros.
260 _aSanto Domingo :
_bFundación Global Democracia y Desarrollo FUNGLODE,
_c2018.
300 _a74 p. ;
_c23 cm.
500 _aPremios FUNGLODE/GFDD; cuento
590 _aInventariado, 2019 / DG
700 1 _aRodríguez, Danilo
_929850
700 1 _aVillamán, Elizabeth
_943508
700 1 _aGuzmán, Michel
_976394
999 _c48456
_d48456